00350nam a22001217a 4500020001800000082003100018100002100049245005000070250001200120260005100132526003700183650000800220 a0 7277 2008 2 a624.1774bBROcL-36, P-138 aBroughton, Peter aThe analysis of cable and catenary structures a1st ed. aGreat BritainbCromwell Press, Melksham.c1994 a0b0c0d624_177400000000000_BRO aMCE